Budoucnost peněz vytvářet udržitelný blahobyt, pracovní příležitosti a rozumnější svět

Salvato in:
Dettagli Bibliografici
Autore principale: Lietaer, Bernard
Altri autori: Hučko, Mikuláš
Natura: Libro
Lingua:ceco
Pubblicazione: Košice Vydavatelství PARADIGMA.SK 2003
Soggetti:
Tags: Aggiungi Tag
Nessun Tag, puoi essere il primo ad aggiungerne!!

MARC

LEADER 00000nam$a2200000$$$4500
001 0020715
005 20240314090328.4
020 |a 80-968603-3-X 
041 0 |a cze 
044 |a SK 
245 1 0 |a Budoucnost peněz  |b vytvářet udržitelný blahobyt, pracovní příležitosti a rozumnější svět  |c Bernard Lietaer ; prekl. Mikuláš Hučko 
264 1 |a Košice  |b Vydavatelství PARADIGMA.SK  |c 2003 
300 |a 318 s. 
610 2 0 |a peniaze 
610 2 0 |a mena 
610 2 0 |a peniaze elektronické 
610 2 0 |a globalizácia 
610 2 0 |a politika menová 
610 2 0 |a politika peňažná 
100 1 |a Lietaer, Bernard 
700 1 |a Hučko, Mikuláš